No touch / (Record no. 155666)
[ view plain ]
| 000 -LEADER | |
|---|---|
| fixed length control field | 00729cam a22002293a 4500 |
| 005 - DATE AND TIME OF LATEST TRANSACTION | |
| control field | 20190222131906.0 |
| 010 ## - LCCN (DPL NO) | |
| LC control number | B-701243-244 |
| 020 ## - INTERNATIONAL STANDARD BOOK NUMBER | |
| International Standard Book Number | 9789352750931 |
| Terms of availability | 199.00 |
| 035 ## - SYSTEM CONTROL NUMBER | |
| System control number | B-701243-244 |
| 037 ## - SOURCE OF ACQUISITION | |
| Source of stock number/acquisition | DBAD |
| 082 ## - DEWEY DECIMAL CLASSIFICATION NUMBER | |
| Classification number | S |
| 100 ## - MAIN ENTRY--PERSONAL NAME | |
| Personal name | K.Krishna |
| 245 ## - TITLE STATEMENT | |
| Title | No touch / |
| Statement of responsibility, etc | by K.Krishna illustrated by Ayeshe Sadr & Ishaan Dasgupta |
| 260 ## - PUBLICATION, DISTRIBUTION, ETC. (IMPRINT) | |
| Place of publication, distribution, etc | Gurgaon |
| Name of publisher, distributor, etc | Scholastic Inc. |
| Date of publication, distribution, etc | 2017 |
| 270 ## - ADDRESS | |
| Address | A-27, Ground Floor, Sigma Centre, Infocity, Sector-34 |
| City | Gurgaon |
| Postal code | 122001 |
| 300 ## - PHYSICAL DESCRIPTION | |
| Extent | u.p. |
| Dimensions | 24cm. (hb) |
| Other physical details | illus. |
| 490 ## - SERIES STATEMENT | |
| Series statement | The watch out! |
| 700 ## - ADDED ENTRY--PERSONAL NAME | |
| Personal name | Sadr, Ayeshe |
| 700 ## - ADDED ENTRY--PERSONAL NAME | |
| Personal name | Dasgupta, Ishaan |
| 942 ## - ADDED ENTRY ELEMENTS (KOHA) | |
| Source of classification or shelving scheme | Dewey Decimal Classification |
| Item type | Children Books |
| Classification part | S |
| Call number suffix | KRI |
| Withdrawn status | Lost status | Not for loan | Collection code | Home library | Current library | Date acquired | Source of acquisition | Cost, normal purchase price | Full call number | Barcode | Copy number | Cost, replacement price | Koha item type |
|---|---|---|---|---|---|---|---|---|---|---|---|---|---|
| Fiction | Ashok Vihar | Ashok Vihar | 08/08/2018 | DBAD/Children/Gift/02.08.2018 | 199.00 | S KRI | B-701243 | 2 | 199.00 | Children Books | |||
| Fiction | Ashok Vihar | Ashok Vihar | 08/08/2018 | DBAD/Children/Gift/02.08.2018 | 199.00 | S KRI | B-701244 | 2 | 199.00 | Children Books |
